000
00336 a2200169 4500
001
182918
020
_a
040
_c
Magnum
100
_a
Chaves, Cida
240
1
0
_a
É tempo de vento
_l
por
245
1
0
_a
É tempo de vento
300
_a
107
362
0
_a
1982
440
1
_a
Moderna
697
_a
LITERATURA GERAL
942
_c
BK
999
_c
182918
_d
182918